Eastern Utah Libraries Catalog: Duchesne, Heber, Roosevelt, & Vernal

Raising an emotionally intelligent child / (Record no. 9293)

MARC details
000 -LEADER
fixed length control field 01323cam a2200397 a 4500
003 - CONTROL NUMBER IDENTIFIER
control field XX-XxUND
005 - DATE AND TIME OF LATEST TRANSACTION
control field 20241220105212.0
008 - FIXED-LENGTH DATA ELEMENTS--GENERAL INFORMATION
fixed length control field 980930t19981997nyu e b 001 0 eng d
001 - CONTROL NUMBER
control field in900021751
010 ## - LIBRARY OF CONGRESS CONTROL NUMBER
Canceled/invalid LC control number 96038947
020 ## - INTERNATIONAL STANDARD BOOK NUMBER
International Standard Book Number 0684838656 (pbk.) :
Terms of availability $12.00 ($17.00 Can.)
035 ## - SYSTEM CONTROL NUMBER
System control number (Sirsi) i9780684838656
040 ## - CATALOGING SOURCE
Original cataloging agency Ingram
Transcribing agency Ingram
050 #4 - LIBRARY OF CONGRESS CALL NUMBER
Classification number BF723.E6
Item number G67 1998
082 04 - DEWEY DECIMAL CLASSIFICATION NUMBER
Classification number 649/.1
Edition number 20
082 ## - DEWEY DECIMAL CLASSIFICATION NUMBER
Classification number 649.1 GOT 1997
092 ## - LOCALLY ASSIGNED DEWEY CALL NUMBER (OCLC)
Classification number 649.1 GOT 1997
100 1# - MAIN ENTRY--PERSONAL NAME
Personal name Gottman, John Mordechai.
9 (RLIN) 13427
245 10 - TITLE STATEMENT
Title Raising an emotionally intelligent child /
Statement of responsibility, etc John Gottman ; with Joan DeClaire.
250 ## - EDITION STATEMENT
Edition statement 1st Fireside ed.
260 ## - PUBLICATION, DISTRIBUTION, ETC. (IMPRINT)
Place of publication, distribution, etc New York :
Name of publisher, distributor, etc Simon & Schuster,
Date of publication, distribution, etc 1998, c1997.
300 ## - PHYSICAL DESCRIPTION
Extent 239 p. ;
Dimensions 22 cm.
500 ## - GENERAL NOTE
General note "A Fireside book"--T.p.
500 ## - GENERAL NOTE
General note "Previously pubished as The heart of parenting"--T.p. verso.
500 ## - GENERAL NOTE
General note "Foreward by Daniel Goleman"--Cover.
504 ## - BIBLIOGRAPHY, ETC. NOTE
Bibliography, etc Includes bibliographical references (p.[215]-230) and index.
650 #0 - SUBJECT ADDED ENTRY--TOPICAL TERM
Topical term or geographic name as entry element Emotions in children.
9 (RLIN) 83265
650 #0 - SUBJECT ADDED ENTRY--TOPICAL TERM
Topical term or geographic name as entry element Emotions in adolescence.
9 (RLIN) 96109
650 #0 - SUBJECT ADDED ENTRY--TOPICAL TERM
Topical term or geographic name as entry element Child rearing.
9 (RLIN) 6102185
650 #0 - SUBJECT ADDED ENTRY--TOPICAL TERM
Topical term or geographic name as entry element Parenting.
9 (RLIN) 6102186
700 1# - ADDED ENTRY--PERSONAL NAME
Personal name Gottman, John Mordechai.
Title of a work Heart of parenting.
9 (RLIN) 6102187
700 1# - ADDED ENTRY--PERSONAL NAME
Personal name DeClaire, Joan.
9 (RLIN) 44751
942 ## - ADDED ENTRY ELEMENTS (KOHA)
Koha item type BOOK
979 ## -
-- 291351
998 ## - LOCAL CONTROL INFORMATION (RLIN)
-- a17272
Holdings
Withdrawn status Lost status Source of classification or shelving scheme Damaged status Not for loan Collection code Home library Current library Shelving location Date acquired Source of acquisition Cost, normal purchase price Total Checkouts Total Renewals Full call number Barcode Date last seen Date checked out Cost, replacement price Price effective from Koha item type
    Dewey Decimal Classification     General NonFiction Wasatch County Library Wasatch County Library Second Floor 08/16/2013 Amazon 15.00 22 9 649.155 Got 34301001244617 05/29/2024 10/29/2022 15.00 03/20/2020 BOOK
This project was made possible through a grant from the Institute of Museum and Library Service administered by the Utah State Library Division.

Wasatch County Library

  • 465 East 1200 South, Heber City, Utah 84032
  • Phone 435-654-1511 | Fax 435-654-6456

Hours

  • Monday - Friday 9:30 AM - 8:00 PM
  • Saturday 9:30 AM - 1:30 PM
  • Closed Sundays and Holidays